Statistiques concernant Les stations du métro parisien - Lignes 1 à 6

Cliquez ici pour prendre le quiz!

Statistiques générales

  • Ce quiz a été pris 1 480 fois
  • Le résultat moyen est 49 sur 133

Statistiques - réponses

% Correct
Nation
79%
Châtelet
77%
La Défense
73%
Bastille
72%
Charles de Gaulle - Etoile
66%
Gare du Nord
65%
Gare de Lyon
65%
Concorde
60%
Gare de l'Est
60%
Château de Vincennes
59%
Louvre Rivoli
59%
Hotel de Ville
58%
Montparnasse-Bienvenüe
57%
Saint-Paul
56%
République
54%
Les Halles
53%
Tuileries
52%
Argentine
52%
Palais Royal
51%
Pigalle
51%
Porte de Vincennes
51%
Champs-Elysées - Clémenceau
50%
Place d'Italie
50%
Barbès-Rochechouart
49%
George V
48%
Porte Maillot
48%
Denfert-Rochereau
46%
Opéra
46%
Les Sablons
46%
Stalingrad
46%
Porte Dauphine
46%
Saint-Michel
45%
Esplanade de La Défense
45%
Cité
44%
Blanche
44%
Anvers
43%
Odéon
43%
Saint-Lazare
42%
Père Lachaise
42%
Porte de Clignancourt
42%
Bercy
41%
Jaurès
41%
Porte d'Orléans
41%
Trocadéro
41%
Franklin D.Roosevelt
40%
Belleville
40%
Saint-Mandé
40%
Reuilly Diderot
40%
Ternes
39%
Place de Clichy
39%
Saint-Sulpice
38%
Rome
38%
Bir-Hakeim
38%
Réaumur-Sébastopol
37%
La Chapelle
37%
Victor Hugo
36%
Château d'Eau
36%
Saint-Placide
36%
Saint-Germain-des-Prés
36%
Gare d'Austerlitz
36%
Ménilmontant
35%
Monceau
35%
Villiers
35%
Strasbourg - Saint-Denis
34%
Alexandre Dumas
34%
Bérault
34%
Gallieni
34%
Colonel Fabien
34%
Alésia
33%
Bourse
33%
Raspail
33%
Glacière
33%
Oberkampf
32%
Pasteur
32%
Picpus
32%
Courcelles
32%
Château Rouge
32%
Arts et Métiers
32%
Sentier
32%
Quai de la Gare
31%
Etienne Marcel
31%
Avron
31%
Couronnes
31%
Vavin
31%
Pont de Levallois
30%
Kléber
30%
Gambetta
30%
Quai de la Rapée
29%
Daumesnil
29%
Bel-Air
29%
Temple
28%
Philippe Auguste
28%
Passy
28%
Europe
27%
Corvisart
27%
Bobigny
27%
Dupleix
26%
Nationale
26%
Parmentier
26%
Mairie de Montrouge
26%
Saint-Jacques
25%
Edgar Quinet
25%
Wagram
25%
Quatre-Septembre
24%
Havre-Caumartin
24%
Richard-Lenoir
23%
Chevaleret
23%
Malesherbes
23%
Saint-Marcel
23%
Boissière
23%
Porte de Bagnolet
23%
Cambronne
22%
Mouton-Duvernet
22%
Porte de Pantin
22%
Sèvres - Lecourbe
21%
La Motte-Picquet - Grenelle
21%
Dugommier
21%
Campo-Formio
21%
Louise Michel
21%
Anatole France
20%
Ourcq
20%
Simplon
20%
Rue Saint-Maur
20%
Pereire
19%
Jacques Bonsergent
18%
Porte de Champerret
18%
Hoche
17%
Laumière
16%
Eglise de Pantin
15%
Bréguet-Sabin
15%
Marcadet-Poissoniers
14%

Distribution des résultats

Percentile par nombre de réponses

% des personnes avec chaque résultat

Votre développement - résultats

Vous n’avez pas pris ce quiz